[Event "Moscow-Open 2021_A"]
[Site "Moscow"]
[Date "2021.02.27"]
[Round "8.11"]
[White "Kavyev, Ruslan"]
[Black "Mochalin, Faddey"]
[Result "0-1"]
[WhiteElo "2339"]
[BlackElo "2110"]
[PlyCount "94"]
[EventDate "2021.02.20"]

1. e4 e6 2. d4 d5 3. e5 c5 4. c3 Qb6 5. Nf3 Nc6 6. a3 Bd7 7. b4 cxd4 8. cxd4
Rc8 9. Bb2 Na5 10. Nbd2 Nc4 11. Bxc4 dxc4 12. Rc1 Qa6 13. O-O b5 14. Ng5 Bc6
15. Qh5 g6 16. Qh3 Ne7 17. Rc3 Nf5 18. Nde4 Be7 19. Rcc1 h6 20. d5 Bxg5 21. f4
Bxd5 22. Nd6+ Kd7 23. fxg5 hxg5 24. Qg4 Qb6+ 25. Rf2 Rh4 26. Qxg5 Rxh2 27. Nxc8
Kxc8 28. Kxh2 Qxf2 29. Bc3 Bxg2 30. Be1 Qf3 31. Rc3 Qe2 32. Qxg2 Qxe5+ 33. Rg3
Qxe1 34. Rh3 Qe5+ 35. Kg1 Kc7 36. Rh7 Qd4+ 37. Kh2 Qf4+ 38. Kg1 Ne3 39. Qa8
Qg3+ 40. Kh1 Qe1+ 41. Kh2 Qf2+ 42. Kh1 Qf1+ 43. Kh2 Ng4+ 44. Kg3 Qg1+ 45. Kf4
g5+ 46. Kxg5 Ne3+ 47. Kh6 Qg6# 0-1

[Event "Moscow-Open 2021_A"]
[Site "Moscow"]
[Date "2021.02.27"]
[Round "8.12"]
[White "Tsoi, Dmitry"]
[Black "Rostovtsev, Dmitry"]
[Result "1/2-1/2"]
[WhiteElo "2334"]
[BlackElo "2037"]
[PlyCount "135"]
[EventDate "2021.02.20"]

1. b3 d5 2. Bb2 Nf6 3. e3 Bf5 4. f4 e6 5. Nf3 Be7 6. Be2 O-O 7. O-O h6 8. Ne5
Nfd7 9. d3 Nxe5 10. Bxe5 Nd7 11. Bc3 Bf6 12. Bf3 Bh7 13. e4 Bxc3 14. Nxc3 Qf6
15. Ne2 dxe4 16. dxe4 Rad8 17. Qd2 Qe7 18. Qe3 c5 19. Rad1 b6 20. c3 Nb8 21.
Nc1 Rxd1 22. Bxd1 Rd8 23. Be2 Nc6 24. Nd3 Kh8 25. g3 Kg8 26. h4 Kh8 27. Kh2 Kg8
28. Kh3 c4 29. bxc4 Na5 30. Nf2 Nb7 31. Rd1 Rxd1 32. Bxd1 Nc5 33. Bc2 Kf8 34.
Qd4 f6 35. Kg2 Bg6 36. Kf3 Qc7 37. Ke3 Ke7 38. Qd1 Kf8 39. Kf3 e5 40. Qd5 Bf7
41. Qa8+ Be8 42. Ng4 exf4 43. gxf4 Ne6 44. Nf2 Qxf4+ 45. Ke2 Qc7 46. Nd3 Qxc4
47. Kd2 Qc7 48. Bb3 Qd8 49. Qxa7 Nc5 50. Bd5 Nxd3 51. Kxd3 Qd6 52. Qb7 Bd7 53.
Kc2 Ke7 54. Qa8 Qc5 55. Qg8 Qf2+ 56. Kb3 Qg1 57. Qb8 Qc5 58. Qg8 Qb5+ 59. Ka3
Qc5+ 60. Kb2 Qf2+ 61. Kb3 Qg1 62. Qf7+ Kd6 63. Qf8+ Kc7 64. Qe7 Qb1+ 65. Ka3
Qc1+ 66. Kb4 Qb2+ 67. Bb3 Qd2 68. Bd5 1/2-1/2

[Event "Moscow-Open 2021_A"]
[Site "Moscow"]
[Date "2021.02.27"]
[Round "8.13"]
[White "Popov, Andrey"]
[Black "Iljiushenok, Ilia"]
[Result "0-1"]
[WhiteElo "2182"]
[BlackElo "2534"]
[PlyCount "130"]
[EventDate "2021.02.20"]

1. e4 c5 2. Nf3 d6 3. d4 cxd4 4. Nxd4 Nf6 5. Nc3 a6 6. h3 g6 7. g3 Bg7 8. Bg2
O-O 9. O-O Nc6 10. Nde2 Rb8 11. a4 b5 12. axb5 axb5 13. Nd5 Nd7 14. c3 Bb7 15.
Be3 Nc5 16. Kh2 e6 17. Ndf4 Ne5 18. f3 Qe7 19. b3 Ned7 20. Ra5 Ba8 21. b4 Na4
22. Ba7 Rbc8 23. Rxb5 Nxc3 24. Nxc3 Bxc3 25. Ne2 Bg7 26. Bd4 e5 27. Ba1 Rfd8
28. Nc3 Nf6 29. Qd2 Rc4 30. Qd3 Qc7 31. Rf2 Rc8 32. Ra2 Rd4 33. Qb1 Rc4 34.
Rba5 Bb7 35. Ra7 Qb6 36. Qg1 Qxg1+ 37. Kxg1 Rxb4 38. Rb2 Rxb2 39. Bxb2 Bc6 40.
Ra5 Bh6 41. Kf2 Bd2 42. Ra3 Bd7 43. Bf1 Be6 44. h4 Nd7 45. Bb5 Nc5 46. Ke2 Bh6
47. Ra7 Nb3 48. Ba6 Rc6 49. Ra8+ Kg7 50. f4 Rxa6 51. Rxa6 Bc4+ 52. Kf2 Bxa6 53.
Nd5 f6 54. Nc7 Nc5 55. Ne8+ Kf7 56. Nxd6+ Ke6 57. fxe5 fxe5 58. Bxe5 Nd3+ 59.
Kg2 Nxe5 60. Ne8 Bb7 61. Nc7+ Kf6 62. Nb5 Bxe4+ 63. Kh2 Be3 64. Nc3 Bf3 65. g4
Bf4+ 0-1

[Event "Moscow-Open 2021_A"]
[Site "Moscow"]
[Date "2021.02.27"]
[Round "8.14"]
[White "Lazavik, Denis"]
[Black "Babakekhyan, Artem"]
[Result "1-0"]
[WhiteElo "2442"]
[BlackElo "2181"]
[PlyCount "74"]
[EventDate "2021.02.20"]

1. d4 Nf6 2. c4 g6 3. Nc3 d5 4. cxd5 Nxd5 5. g3 Bg7 6. Bg2 Nb6 7. Nf3 Nc6 8. e3
O-O 9. O-O Re8 10. h3 e5 11. d5 Na5 12. Qc2 c6 13. b4 Nac4 14. dxc6 bxc6 15.
Rd1 Qe7 16. Nd2 Bf5 17. Nce4 Nxd2 18. Bxd2 Rac8 19. Be1 Qe6 20. Rac1 Bxe4 21.
Bxe4 Qxh3 22. Bxc6 e4 23. Qb1 Rxc6 24. Rxc6 Nd7 25. Rcd6 Nf8 26. Rd8 Re7 27. b5
h5 28. Qb4 Bf6 29. Bc3 Qf5 30. Qd6 Bg5 31. Qd4 f6 32. Bb4 Kh7 33. Bxe7 Ne6 34.
Qd7 Kh6 35. Bf8+ Nxf8 36. Qxf5 gxf5 37. Rxf8 h4 1-0

[Event "Moscow-Open 2021_A"]
[Site "Moscow"]
[Date "2021.02.27"]
[Round "8.15"]
[White "Savitskiy, Sergey"]
[Black "Komissarov, Alexey"]
[Result "1-0"]
[WhiteElo "2427"]
[BlackElo "2127"]
[PlyCount "51"]
[EventDate "2021.02.20"]

1. e4 e5 2. Nf3 Nc6 3. Nc3 Nf6 4. Bb5 Bd6 5. O-O O-O 6. Re1 a6 7. Ba4 b5 8. Bb3
Bc5 9. a4 Ba7 10. axb5 axb5 11. d4 Bb7 12. Nxb5 Bb6 13. Rxa8 Qxa8 14. Bg5 Nxd4
15. Bxf6 Nxb5 16. Be7 Re8 17. Qxd7 Qc8 18. Qxb5 Rxe7 19. Nxe5 Ba6 20. Nc6 Rd7
21. Qf5 Qe8 22. Ne5 Re7 23. Rd1 c6 24. Nxf7 Rxf7 25. Rd7 Bxf2+ 26. Kh1 1-0

[Event "Moscow-Open 2021_A"]
[Site "Moscow"]
[Date "2021.02.27"]
[Round "8.16"]
[White "Smirnov, Timofey"]
[Black "Chetverik, Maxim"]
[Result "1-0"]
[WhiteElo "2414"]
[BlackElo "2159"]
[PlyCount "85"]
[EventDate "2021.02.20"]

1. e4 Nf6 2. e5 Nd5 3. c4 Nb6 4. d4 d6 5. f4 dxe5 6. fxe5 c5 7. d5 g6 8. Bf4
Bg7 9. Nf3 O-O 10. Nc3 Bg4 11. h3 Bxf3 12. Qxf3 N8d7 13. Qe3 e6 14. dxe6 fxe6
15. O-O-O Qb8 16. Re1 Rf5 17. Bd3 Bxe5 18. Bxe5 Rxe5 19. Qf3 Qf8 20. Qxb7 Qf4+
21. Kb1 Qd4 22. Rd1 Rb8 23. Qc7 Rc8 24. Qb7 Rb8 25. Qxa7 Ra8 26. Qb7 Rb8 27.
Qc6 Rc8 28. Qb5 Rb8 29. Bc2 Qe3 30. Rd3 Qf2 31. Rxd7 Nxd7 32. Qxd7 Qxg2 33. Rd1
Qb7 34. Qxb7 Rxb7 35. a4 Re3 36. Rd3 Rxd3 37. Bxd3 Ra7 38. Ka2 Kg7 39. Ka3 Rd7
40. Be4 Kf6 41. a5 Ra7 42. Ka4 Ke5 43. Bc6 1-0

[Event "Moscow-Open 2021_A"]
[Site "Moscow"]
[Date "2021.02.27"]
[Round "8.17"]
[White "Assaubayeva, Bibisara"]
[Black "Gotsiuk, Denis"]
[Result "1-0"]
[WhiteElo "2378"]
[BlackElo "2102"]
[PlyCount "43"]
[EventDate "2021.02.20"]

1. d4 d5 2. c4 c5 3. cxd5 Qxd5 4. Nf3 cxd4 5. Nc3 Qa5 6. Nxd4 Nf6 7. a3 e5 8.
Nb3 Qc7 9. Bg5 Be6 10. Bxf6 gxf6 11. e4 Nc6 12. Nd5 Qd8 13. Bc4 Be7 14. Qh5 Na5
15. Nxf6+ Bxf6 16. Bxe6 O-O 17. Bf5 Re8 18. Nc5 Kf8 19. Nd7+ Ke7 20. Qh6 Bh8
21. Rd1 Qc7 22. Qh4+ 1-0

[Event "Moscow-Open 2021_A"]
[Site "Moscow"]
[Date "2021.02.27"]
[Round "8.18"]
[White "Tyurin, Artem"]
[Black "Zakaryan, David"]
[Result "1/2-1/2"]
[WhiteElo "2130"]
[BlackElo "2335"]
[PlyCount "53"]
[EventDate "2021.02.20"]

1. c4 e6 2. Nc3 d5 3. d4 c6 4. e3 Nf6 5. Nf3 Nbd7 6. Qc2 Bd6 7. b3 O-O 8. Bb2
Qe7 9. Bd3 Re8 10. O-O e5 11. e4 exd4 12. Nxd4 Qe5 13. Nf3 Qh5 14. exd5 Ne5 15.
Nxe5 Bxe5 16. g3 Bg4 17. Rfe1 Bf3 18. Be2 Ng4 19. Bxf3 Qxh2+ 20. Kf1 Bxg3 21.
Ne4 Qh3+ 22. Bg2 Nh2+ 23. Kg1 Nf3+ 24. Kf1 Nh2+ 25. Kg1 Nf3+ 26. Kf1 Nh2+ 27.
Kg1 1/2-1/2

[Event "Moscow-Open 2021_A"]
[Site "Moscow"]
[Date "2021.02.27"]
[Round "8.19"]
[White "Parpiev, Isaak"]
[Black "Vlassov, Nikolai"]
[Result "1/2-1/2"]
[WhiteElo "1790"]
[BlackElo "2331"]
[PlyCount "178"]
[EventDate "2021.02.20"]

1. d4 Nf6 2. c4 Nc6 3. Nc3 e5 4. d5 Ne7 5. e4 Ng6 6. Be3 Bb4 7. f3 Qe7 8. Qd2
Bc5 9. Bxc5 Qxc5 10. Nb5 a5 11. d6 cxd6 12. Nxd6+ Kf8 13. O-O-O Ne8 14. Nxe8
Kxe8 15. Ne2 b5 16. Nc3 b4 17. Na4 Qc6 18. b3 Bb7 19. g3 Rd8 20. Qd6 Qxd6 21.
Rxd6 Ke7 22. c5 Nf8 23. Bh3 h5 24. Rhd1 h4 25. Bg4 hxg3 26. hxg3 Rh2 27. R1d2
Rxd2 28. Kxd2 Ne6 29. Ke3 Rc8 30. Bxe6 fxe6 31. Rb6 Bc6 32. Nb2 Rh8 33. Nc4 Rh2
34. Nxa5 Rxa2 35. Nxc6+ dxc6 36. Rxb4 Rc2 37. Rb7+ Kf6 38. b4 Rc3+ 39. Ke2 g5
40. g4 Rb3 41. Kf2 Rb2+ 42. Kg3 Rb3 43. Kg2 Rb2+ 44. Kh3 Rb3 45. Kg3 Rb2 46.
Rc7 Rxb4 47. Rxc6 Rb2 48. Rb6 Rc2 49. Rc6 Kf7 50. Rc7+ Kf6 51. c6 Kg6 52. Rc8
Kf7 53. Kh3 Kg7 54. c7 Rc6 55. Kg2 Rc5 56. Kf2 Rc6 57. Re8 Rxc7 58. Rxe6 Rc5
59. Rd6 Rc7 60. Ke3 Rc8 61. Kd2 Kf7 62. Ra6 Rc5 63. Ra7+ Kf6 64. Ra8 Kf7 65.
Rd8 Rc6 66. Rd3 Ke6 67. Rc3 Ra6 68. Kc2 Ra8 69. Rc6+ Kf7 70. Kb3 Ra1 71. Kb4
Rb1+ 72. Ka4 Rb2 73. Rc3 Ke6 74. Rb3 Ra2+ 75. Kb5 Ra8 76. Kc6 Rc8+ 77. Kb7 Rc1
78. Rd3 Rc2 79. Kb6 Rc1 80. Kb5 Rc8 81. Kb4 Rb8+ 82. Kc3 Rc8+ 83. Kd2 Ra8 84.
Ke3 Rb8 85. Kf2 Rb2+ 86. Kg3 Ra2 87. Rb3 Kf6 88. Rb6+ Kf7 89. Rb1 Kf6 1/2-1/2

[Event "Moscow-Open 2021_A"]
[Site "Moscow"]
[Date "2021.02.27"]
[Round "8.20"]
[White "Safin, Robert"]
[Black "Shoshin, Kirill"]
[Result "1-0"]
[WhiteElo "2283"]
[BlackElo "2030"]
[PlyCount "67"]
[EventDate "2021.02.20"]

1. d4 e6 2. c4 d5 3. Nf3 Be7 4. g3 Nf6 5. Bg2 O-O 6. O-O dxc4 7. Qc2 a6 8. Rd1
Nbd7 9. Bg5 h6 10. Bxf6 Nxf6 11. Ne5 Nd5 12. Qxc4 b5 13. Qc1 Bb7 14. Nd2 Bd6
15. Nc6 Qc8 16. Ne4 Be7 17. Na5 Rd8 18. Nc5 Bxc5 19. Qxc5 Rb8 20. Nxb7 Rxb7 21.
Rac1 Qd7 22. e4 Nb6 23. b3 Qd6 24. Qh5 Qa3 25. Rc2 Qb4 26. d5 exd5 27. exd5 Rd6
28. Qe5 Nd7 29. Qe8+ Nf8 30. Qc8 Rbb6 31. Rxc7 Rf6 32. Qe8 Qg4 33. Rf1 h5 34.
a3 1-0

[Event "Moscow-Open 2021_A"]
[Site "Moscow"]
[Date "2021.02.27"]
[Round "8.21"]
[White "Ibadov, Dashgyn"]
[Black "Plyasunov, Daniil"]
[Result "1-0"]
[WhiteElo "2282"]
[BlackElo "2025"]
[PlyCount "59"]
[EventDate "2021.02.20"]

1. e4 e6 2. d4 d5 3. Nc3 Nf6 4. e5 Nfd7 5. Nce2 c5 6. c3 Nc6 7. Nf3 a6 8. Nf4
cxd4 9. cxd4 Bb4+ 10. Bd2 Qa5 11. Bd3 Bxd2+ 12. Qxd2 Qxd2+ 13. Kxd2 b5 14. Rac1
Bb7 15. h4 Ke7 16. Bb1 Rac8 17. Rh3 Rc7 18. Rg3 g6 19. h5 Rhc8 20. Rh1 g5 21.
Rxg5 Nb6 22. Bxh7 Nb4 23. a3 Rc2+ 24. Bxc2 Rxc2+ 25. Kd1 Rxb2 26. axb4 Rb1+ 27.
Kc2 Rxh1 28. Nh3 a5 29. bxa5 Nc4 30. Nfg1 1-0

[Event "Moscow-Open 2021_A"]
[Site "Moscow"]
[Date "2021.02.27"]
[Round "8.22"]
[White "Khudyakov, Stanislav"]
[Black "Zverev, Lev"]
[Result "1/2-1/2"]
[WhiteElo "2196"]
[BlackElo "1987"]
[PlyCount "108"]
[EventDate "2021.02.20"]

1. d4 d5 2. Nc3 Nf6 3. Bf4 a6 4. e3 c5 5. dxc5 Qa5 6. Bxb8 Rxb8 7. Qd4 e6 8. b4
Qc7 9. Na4 e5 10. Qb2 Be6 11. Nf3 Nd7 12. Be2 Be7 13. O-O O-O 14. Rfd1 Bf6 15.
Rac1 Rfd8 16. c4 dxc4 17. e4 Qc6 18. Qc2 a5 19. Rd6 Qb5 20. Rxe6 fxe6 21. Bxc4
Qxb4 22. Rb1 Qa3 23. Bxe6+ Kh8 24. Nd2 b5 25. cxb6 Nxb6 26. Nxb6 Qd6 27. Ndc4
Qxe6 28. Nd5 Rxb1+ 29. Qxb1 Qa6 30. Nce3 Bg5 31. Ng4 Rc8 32. Nge3 Qe2 33. h3 h6
34. g3 Qf3 35. a4 Rc6 36. Nf1 Kh7 37. h4 Rc1 38. Qb5 Bd2 39. Qb6 Qe2 40. Nf6+
gxf6 41. Qb7+ Kg6 42. h5+ Qxh5 43. Qd5 Kg7 44. Qd7+ Qf7 45. Qxd2 Rxf1+ 46. Kxf1
Qc4+ 47. Qe2 Qxa4 48. Qg4+ Kf7 49. Qh5+ Ke7 50. Qxh6 Qc4+ 51. Kg1 a4 52. Qe3
Kf7 53. Qa7+ Kg6 54. Qa8 Kg7 1/2-1/2

[Event "Moscow-Open 2021_A"]
[Site "Moscow"]
[Date "2021.02.27"]
[Round "8.23"]
[White "Bykov, Egor"]
[Black "Nikolaev, Matvei"]
[Result "1-0"]
[WhiteElo "2436"]
[BlackElo "1925"]
[PlyCount "69"]
[EventDate "2021.02.20"]

1. Nf3 Nf6 2. b3 g6 3. Bb2 Bg7 4. d4 d6 5. g3 O-O 6. Bg2 Nc6 7. O-O Rb8 8. d5
Na5 9. Nfd2 c5 10. a3 b5 11. b4 Nc4 12. Nxc4 bxc4 13. Bc3 Qc7 14. e4 e6 15. Qf3
e5 16. Qe2 Ba6 17. Nd2 Nd7 18. Qe3 Nb6 19. bxc5 dxc5 20. a4 Qd7 21. Rfb1 Nxa4
22. Rxb8 Rxb8 23. Bf1 Bb5 24. Nxc4 Nxc3 25. Qxc3 Bxc4 26. Bxc4 Rb4 27. Bb3 Bf8
28. d6 Qxd6 29. Rxa7 Be7 30. Bd5 Kg7 31. Qf3 f6 32. Qg4 h5 33. Qc8 Rb8 34.
Rxe7+ Kh6 35. Qd7 1-0

[Event "Moscow-Open 2021_A"]
[Site "Moscow"]
[Date "2021.02.27"]
[Round "8.24"]
[White "Suleymenov, Alisher"]
[Black "Dudarev, Vladislav"]
[Result "1/2-1/2"]
[WhiteElo "2440"]
[BlackElo "2031"]
[PlyCount "140"]
[EventDate "2021.02.20"]

1. d4 Nf6 2. c4 e6 3. Nf3 d5 4. Nc3 Be7 5. Bf4 O-O 6. e3 b6 7. Be2 a6 8. O-O
Bb7 9. cxd5 exd5 10. Ne5 Nbd7 11. Rc1 Rc8 12. Qb3 Re8 13. Bxa6 Bxa6 14. Nc6
Bxf1 15. Rxf1 Nc5 16. dxc5 Qd7 17. Nxe7+ Rxe7 18. cxb6 cxb6 19. Bg5 Re6 20. Rd1
Ne4 21. Nxe4 Rxe4 22. h3 Rec4 23. Qxb6 Rc1 24. Rxc1 Rxc1+ 25. Kh2 Qc7+ 26. Qxc7
Rxc7 27. Bf4 Ra7 28. a3 f6 29. Bd6 Kf7 30. Kg3 Ke6 31. Bc5 Ra8 32. Bd4 Kf5 33.
Kf3 h5 34. Ke2 g5 35. Bc3 h4 36. Kd3 Ke6 37. Kd4 Rc8 38. b3 Rb8 39. b4 Rc8 40.
a4 Rc4+ 41. Kd3 f5 42. Kc2 g4 43. Kb3 gxh3 44. gxh3 f4 45. a5 Kd6 46. b5 fxe3
47. fxe3 Kc5 48. b6 Kc6 49. Bf6 Kb7 50. Bg5 Ka6 51. Bf4 Kb7 52. Be5 Ka6 53. Bc3
Kb7 54. Kc2 Ra4 55. Kd3 Ka6 56. Ke2 Rc4 57. Bd4 Rc8 58. Kf3 Rg8 59. Be5 Rg1 60.
Bf4 Rg7 61. Bc7 Rg1 62. Kf2 Rg8 63. Bd6 Rg7 64. Bc7 Rg8 65. Ke2 Rg2+ 66. Kd3
Rg1 67. Bd8 Rd1+ 68. Ke2 Rh1 69. Bxh4 Rxh3 70. Bf6 Rh5 1/2-1/2

[Event "Moscow-Open 2021_A"]
[Site "Moscow"]
[Date "2021.02.27"]
[Round "8.25"]
[White "Manelyuk, Daniil"]
[Black "Bogaudinov, Rushan"]
[Result "1-0"]
[WhiteElo "2386"]
[BlackElo "2016"]
[PlyCount "59"]
[EventDate "2021.02.20"]

1. c4 e5 2. Nc3 Nf6 3. g3 d5 4. cxd5 Nxd5 5. Bg2 c6 6. Nf3 Nd7 7. O-O Be7 8. d4
Nxc3 9. bxc3 exd4 10. cxd4 O-O 11. e4 Re8 12. Qc2 c5 13. Bf4 Qa5 14. d5 Bf6 15.
Rae1 b6 16. e5 Ba6 17. Bd2 Qa3 18. Re3 Qxe3 19. Bxe3 Bxf1 20. Bxf1 Nxe5 21.
Nxe5 Bxe5 22. Bb5 Re7 23. Bf4 Bxf4 24. gxf4 Rd8 25. Qd3 Rd6 26. Kf1 g6 27. Bc6
Kg7 28. a4 Rc7 29. Qe4 Kh6 30. Qe8 1-0

[Event "Moscow-Open 2021_A"]
[Site "Moscow"]
[Date "2021.02.27"]
[Round "8.26"]
[White "Murtazin, Bulat"]
[Black "Kalambetov, Anton"]
[Result "1-0"]
[WhiteElo "2355"]
[BlackElo "1916"]
[PlyCount "57"]
[EventDate "2021.02.20"]

1. d4 d5 2. c4 dxc4 3. Nf3 a6 4. e3 b5 5. a4 Bb7 6. b3 e6 7. bxc4 bxc4 8. Bxc4
Nd7 9. a5 Ngf6 10. Nc3 Bb4 11. Qb3 Bxc3+ 12. Qxc3 O-O 13. Ba3 Re8 14. O-O Ne4
15. Qc2 Ng5 16. Nxg5 Qxg5 17. e4 Qf4 18. f3 c5 19. dxc5 Rec8 20. Qf2 Qe5 21.
Rab1 Nxc5 22. Rfc1 Rab8 23. Bf1 Nxe4 24. fxe4 Qxe4 25. Rb4 Qd5 26. Rd4 Qxa5 27.
Rd7 f6 28. Qg3 Qb6+ 29. Bc5 1-0

[Event "Moscow-Open 2021_A"]
[Site "Moscow"]
[Date "2021.02.27"]
[Round "8.27"]
[White "Mikhailovsky, Vladimir"]
[Black "Galkin, Leonid"]
[Result "1-0"]
[WhiteElo "2228"]
[BlackElo "1914"]
[PlyCount "71"]
[EventDate "2021.02.20"]

1. d4 Nf6 2. Bf4 g6 3. Nc3 d5 4. e3 Bg7 5. h4 h5 6. Nf3 O-O 7. Ne5 c5 8. dxc5
Nc6 9. Nxc6 bxc6 10. Be5 Be6 11. Be2 Qd7 12. O-O Ne8 13. Bxg7 Nxg7 14. Qd4 Rab8
15. Rab1 Bf5 16. Qd2 Rfd8 17. Rfd1 Rb4 18. Nxd5 Rbb8 19. e4 Be6 20. c4 cxd5 21.
cxd5 Qc7 22. Qe3 Bg4 23. f3 Bc8 24. b4 a6 25. a4 Qe5 26. c6 e6 27. Qc5 Ne8 28.
d6 Qxc5+ 29. bxc5 Rxb1 30. Rxb1 Nc7 31. Rb8 Re8 32. Rb7 Bxb7 33. cxb7 Na8 34.
d7 Rb8 35. bxa8=B Rxa8 36. c6 1-0

[Event "Moscow-Open 2021_A"]
[Site "Moscow"]
[Date "2021.02.27"]
[Round "8.28"]
[White "Nikologorsky, Matfei"]
[Black "Rakitin, Daniil"]
[Result "1-0"]
[WhiteElo "2215"]
[BlackElo "1851"]
[PlyCount "161"]
[EventDate "2021.02.20"]

1. d4 Nf6 2. Nc3 d5 3. Bg5 Bf5 4. f3 Bg6 5. a3 e6 6. Bxf6 gxf6 7. e4 dxe4 8.
fxe4 Nd7 9. Qd2 h5 10. Nf3 e5 11. d5 h4 12. Bd3 Bc5 13. O-O-O a6 14. Qe1 h3 15.
g3 Qe7 16. Nh4 Bd4 17. Rf1 O-O-O 18. Nf5 Bxf5 19. Rxf5 Nb6 20. Ne2 Bc5 21. Kb1
Kb8 22. c4 Be3 23. Rf3 Bg5 24. Qa5 Nc8 25. c5 b6 26. cxb6 cxb6 27. Qxa6 Qb7 28.
Qa4 Nd6 29. Nc3 Qa7 30. Qb3 Rc8 31. Na4 Kb7 32. Rdf1 f5 33. Nc3 f6 34. Bb5 Qa5
35. Bc6+ Ka7 36. exf5 Rh7 37. Re1 Re7 38. Rf2 Kb8 39. Qc2 Qc5 40. Ne4 Qxc2+ 41.
Kxc2 Nxe4 42. Rxe4 Kc7 43. Kd3 Kd6 44. Rc2 Ra7 45. Rcc4 Ra5 46. Ke2 Ra7 47. Kf3
Rcc7 48. Rb4 Ra6 49. Ra4 Rca7 50. Rxa6 Rxa6 51. Kg4 Ra5 52. Kxh3 Rc5 53. Re2
Rc4 54. Kg2 Bh6 55. Kf3 Rd4 56. h4 Bc1 57. Rc2 e4+ 58. Kg4 Bd2 59. Bb7 Ke5 60.
Rc6 e3+ 61. Kf3 Kxf5 62. g4+ Kg6 63. Rxb6 Rf4+ 64. Kg3 Re4 65. Ba6 e2 66. Bxe2
Rxe2 67. g5 Be1+ 68. Kf3 Rd2 69. Rxf6+ Kg7 70. Rf4 Rxd5 71. Re4 Rd1 72. Kg4 Bf2
73. h5 Rd2 74. Re7+ Kf8 75. Rb7 Rd5 76. h6 Be3 77. h7 Bd4 78. Rb8+ Kf7 79. h8=Q
Bxh8 80. Rxh8 Rb5 81. b4 1-0

[Event "Moscow-Open 2021_A"]
[Site "Moscow"]
[Date "2021.02.27"]
[Round "8.29"]
[White "Israfilov, Ali"]
[Black "Nakonechny, Ignat"]
[Result "1-0"]
[WhiteElo "1981"]
[BlackElo "2158"]
[PlyCount "99"]
[EventDate "2021.02.20"]

1. d4 d6 2. Nf3 g6 3. c4 Bg7 4. Nc3 Nd7 5. e4 e5 6. Be2 Ne7 7. h4 h6 8. h5 g5
9. dxe5 Nxe5 10. Nd4 f5 11. exf5 Nxf5 12. Nxf5 Bxf5 13. f4 gxf4 14. Bxf4 Qd7
15. Qd2 O-O-O 16. O-O-O Qc6 17. Qd5 Rde8 18. Rhe1 Qxd5 19. cxd5 Ng4 20. Bb5
Rxe1 21. Rxe1 Kd8 22. Rf1 Bc8 23. Bg3 Bf8 24. Ne2 Be7 25. Nf4 Bg5 26. Kb1 a6
27. Bd3 Re8 28. Nh3 Be7 29. Bf4 Rf8 30. Be2 Bd7 31. g3 Rg8 32. Nf2 Nf6 33. Bf3
Ke8 34. Rg1 Bf5+ 35. Kc1 Bf8 36. g4 Nxh5 37. Re1+ Kf7 38. gxh5 Be7 39. Bxh6 Bh4
40. Rf1 Ke8 41. Be4 Bxe4 42. Nxe4 Rh8 43. Rh1 Rxh6 44. Rxh4 Kf7 45. Kd2 c6 46.
Ke3 cxd5 47. Nc3 Kf6 48. Kd4 Kg5 49. Rh1 Rh8 50. h6 1-0

[Event "Moscow-Open 2021_A"]
[Site "Moscow"]
[Date "2021.02.27"]
[Round "8.30"]
[White "Talibov, Shiroghlan"]
[Black "Novozhilov, Semen"]
[Result "0-1"]
[WhiteElo "2128"]
[BlackElo "1788"]
[PlyCount "154"]
[EventDate "2021.02.20"]

1. e4 e6 2. d4 d5 3. Nc3 Nf6 4. Bg5 Bb4 5. Nge2 dxe4 6. a3 Be7 7. Bxf6 Bxf6 8.
Nxe4 Be7 9. g3 Nd7 10. Bg2 Nf6 11. Qd3 Rb8 12. O-O O-O 13. Rfd1 Bd7 14. c3 Qe8
15. Nf4 Kh8 16. Nxf6 Bxf6 17. Be4 g6 18. Qf3 Bg7 19. Nd3 b6 20. Qf4 Bc6 21. Nb4
Bxe4 22. Qxe4 Rd8 23. Qb7 a5 24. Nc6 Rd6 25. Ne5 Qd8 26. Nc4 Rd5 27. Ne3 Rd7
28. Qe4 f5 29. Qxe6 Rd6 30. Qc4 f4 31. Ng2 f3 32. Nf4 Qd7 33. d5 c6 34. Rd3 b5
35. Qe4 cxd5 36. Rxd5 Rxf4 37. Qxf4 Rxd5 38. Qxf3 h5 39. Re1 Kh7 40. Re4 Rf5
41. Qe2 Qd5 42. Qc2 Rf3 43. a4 Rd3 44. Qe2 bxa4 45. g4 h4 46. g5 Rd1+ 47. Kg2
Qxg5+ 48. Rg4 Qd5+ 49. Qe4 Qxe4+ 50. Rxe4 h3+ 51. Kxh3 a3 52. bxa3 Bxc3 53. Re3
Bd4 54. Re7+ Kh6 55. Rd7 a4 56. Kg4 Rd2 57. Rd6 Bc3 58. Rc6 Bb2 59. f4 Bxa3 60.
Rc4 Rxh2 61. Rxa4 Bd6 62. Rd4 Be7 63. Re4 Bf6 64. Re6 Kg7 65. Rc6 Rg2+ 66. Kf3
Rg1 67. Rc7+ Kh6 68. Rc6 Bb2 69. Rb6 Bc1 70. Rb1 Kh5 71. Rb5+ Kh4 72. Rc5 Bxf4
73. Kxf4 Rf1+ 74. Ke3 g5 75. Ke2 Rf7 76. Rc1 g4 77. Rg1 Kh3 0-1

[Event "Moscow-Open 2021_A"]
[Site "Moscow"]
[Date "2021.02.27"]
[Round "8.31"]
[White "Shinkarov, Artem"]
[Black "Popovich, Alexey"]
[Result "1/2-1/2"]
[WhiteElo "1978"]
[BlackElo "2102"]
[PlyCount "161"]
[EventDate "2021.02.20"]

1. d4 d5 2. c4 e6 3. Nf3 Nf6 4. e3 Be7 5. Bd3 O-O 6. O-O dxc4 7. Bxc4 c5 8. Qe2
Nc6 9. Rd1 cxd4 10. exd4 Nd5 11. Nc3 b6 12. Nxd5 exd5 13. Bb5 Bb7 14. Bf4 a6
15. Ba4 b5 16. Bc2 Re8 17. Ne5 Nxe5 18. dxe5 Qb6 19. Be3 Qe6 20. Bd4 Rac8 21.
f4 Bc5 22. Qf2 Bxd4 23. Rxd4 f6 24. exf6 Qxf6 25. Bb3 Qf5 26. Rad1 Rc5 27. Qf3
Rd8 28. Qe3 Qf7 29. Re4 Rc7 30. Re5 Kf8 31. Qd3 Kg8 32. Qe3 h6 33. h4 Kh8 34.
h5 a5 35. Rd4 a4 36. Bd1 Rc4 37. Re7 Qf8 38. Rxb7 Re8 39. Qf2 Qc5 40. Rd2 Re1+
41. Kh2 Qxf2 42. Rxf2 Rxd1 43. Rxb5 Kg8 44. Kg3 Kf7 45. Kg4 d4 46. Kf5 d3 47.
Rd5 Rc2 48. Rxd3 Rxf2 49. Rxd1 Rxg2 50. Rd7+ Kf8 51. Rb7 Rh2 52. Kg6 Rg2+ 53.
Kh7 a3 54. bxa3 Rxa2 55. Rxg7 Rxa3 56. Kxh6 Ra5 57. Rg5 Ra7 58. f5 Ra3 59. Rg4
Kf7 60. Kg5 Ra8 61. Rb4 Rg8+ 62. Kf4 Rg1 63. h6 Rf1+ 64. Kg5 Rg1+ 65. Rg4 Rh1
66. Rh4 Rg1+ 67. Kf4 Rf1+ 68. Kg3 Kg8 69. Kg4 Kh7 70. Kg5 Rg1+ 71. Kf6 Ra1 72.
Re4 Ra5 73. Re5 Ra6+ 74. Re6 Ra5 75. Kg5 Ra7 76. Re5 Ra1 77. Re7+ Kg8 78. h7+
Kh8 79. Kf4 Rf1+ 80. Kg5 Rxf5+ 81. Kg6 1/2-1/2

[Event "Moscow-Open 2021_A"]
[Site "Moscow"]
[Date "2021.02.27"]
[Round "8.32"]
[White "Zemlyanskii, Ivan"]
[Black "Teiitbaev, Aktilek"]
[Result "1/2-1/2"]
[WhiteElo "1950"]
[BlackElo "2100"]
[PlyCount "81"]
[EventDate "2021.02.20"]

1. d4 d5 2. c4 c6 3. cxd5 cxd5 4. Nc3 Nf6 5. Bf4 Nc6 6. e3 Bg4 7. Qb3 Na5 8.
Qa4+ Bd7 9. Qd1 a6 10. Bd3 e6 11. Nf3 b5 12. Rc1 Be7 13. Ne5 Nc4 14. Qe2 Rc8
15. O-O O-O 16. b3 Nd6 17. Nb1 Qb6 18. Bg5 Qb7 19. Qb2 Rxc1 20. Rxc1 Rc8 21.
Rxc8+ Qxc8 22. Bxf6 Bxf6 23. Nxd7 Qxd7 24. Qc2 g6 25. Nd2 Kg7 26. g3 Nb7 27.
Nf3 Nd8 28. a4 Be7 29. axb5 axb5 30. Qe2 b4 31. Bb5 Qc7 32. Ba4 Nb7 33. e4 dxe4
34. Qxe4 Bf6 35. Qc6 Qxc6 36. Bxc6 Nd6 37. g4 h5 38. h3 Bd8 39. Kf1 f5 40. gxh5
gxh5 41. d5 1/2-1/2

[Event "Moscow-Open 2021_A"]
[Site "Moscow"]
[Date "2021.02.27"]
[Round "8.33"]
[White "Andreev, Konstantin"]
[Black "Popov, Maksim"]
[Result "0-1"]
[WhiteElo "1819"]
[BlackElo "2062"]
[PlyCount "92"]
[EventDate "2021.02.20"]

1. d4 Nf6 2. c4 e6 3. Nf3 d5 4. g3 dxc4 5. Bg2 a6 6. O-O Nc6 7. e3 Rb8 8. Nfd2
e5 9. Bxc6+ bxc6 10. dxe5 Ng4 11. Nxc4 Be6 12. Nbd2 Bb4 13. b3 h5 14. h3 Qd3
15. Qf3 Bd5 16. Qf4 Nh6 17. Qd4 Qxd4 18. exd4 Bc3 19. Bb2 Bxb2 20. Nxb2 Nf5 21.
Ndc4 Nxd4 22. Ne3 h4 23. Nxd5 cxd5 24. g4 Rb4 25. Kh2 Ne6 26. Rac1 c5 27. Rfd1
Kd7 28. Nc4 Kc6 29. Ne3 Rd4 30. Nf5 Rxd1 31. Rxd1 d4 32. Re1 Kb5 33. Nd6+ Kb4
34. Rc1 d3 35. Ne4 Ka3 36. Rd1 Rd8 37. Nd6 Nf4 38. Nxf7 Rd5 39. Rd2 Kb4 40. Nd6
Rxe5 41. Nc4 Re2 42. Rd1 Rxf2+ 43. Kg1 Rxa2 44. Ne5 Kc3 45. Nf3 Kxb3 46. Rc1
Rc2 0-1

[Event "Moscow-Open 2021_A"]
[Site "Moscow"]
[Date "2021.02.27"]
[Round "8.34"]
[White "Oliinyk, Serafim"]
[Black "Gvanceladze, Anna"]
[Result "1-0"]
[WhiteElo "2035"]
[BlackElo "2254"]
[PlyCount "63"]
[EventDate "2021.02.20"]

1. e4 c6 2. d4 d5 3. exd5 cxd5 4. Bd3 Nc6 5. c3 Qc7 6. Ne2 Bg4 7. O-O e6 8. Qe1
Bxe2 9. Qxe2 Bd6 10. g3 h5 11. Nd2 Nf6 12. Nf3 O-O-O 13. b4 Kb8 14. a4 e5 15.
b5 e4 16. bxc6 exd3 17. Qxd3 Qxc6 18. Bg5 Rc8 19. Bxf6 gxf6 20. Qf5 Rcg8 21.
Nh4 Bc7 22. Rab1 Rg5 23. Qf3 f5 24. Nxf5 h4 25. Rb5 hxg3 26. fxg3 Rxf5 27. Qxf5
Qxc3 28. Qf2 Qc4 29. Rc5 Qxa4 30. Rxc7 Kxc7 31. Qf4+ Kc8 32. Rc1+ 1-0